000 00813nam a2200241Ia 4500
001 dia_4141
003 CHAP
005 20251014150530.0
008 220601s9999 xx 000 0 und d
040 _amxchpua
_erda
090 _aFOLLETO 2481
100 _aSantoyo Cortes, Vinicio Horacio
_9102560
245 _aEl café en la perspectiva del tratado de libre comercio / Vinicio Horacio Santoyo Cortes y otros
260 _aChapingo, México : UACh, CIESTAAM
300 _a16 h.
500 _aS/c
650 _a1. Café2. Tratado de libre comercio
_9176005
700 _aRenord, Cristina ll. Sosa, Romero III. Díaz, Salvador IV. Escamilla, EstebanÌ
_9176006
901 _aFOLLETO 2481
902 _aM
905 _a0000001991 mx 0000000000spa00
942 _cFOLL
_2local
999 _c209466
_d209466